| 000 | 00641nam a2200193 a 4500 | ||
|---|---|---|---|
| 005 | 20220901063801.0 | ||
| 008 | 991125s1976 mx 000 0 spa u | ||
| 035 | _aUPN01000008082 | ||
| 049 | _aLT | ||
| 050 | 4 |
_aLB1644 M6.2 _bS63 LE |
|
| 245 | 0 | 0 |
_aCiencias sociales dos / _cTeresa Silva ... [et al.]. |
| 260 |
_aMéxico : _bTrillas, _c1976. |
||
| 300 |
_a262 p. : _bil. col. |
||
| 440 | 0 | _aDesarrollo social | |
| 500 | _a"Conforme a los objetivos del programa oficial, educación media básica" | ||
| 650 | 7 |
_aCiencias sociales _xEstudio y enseñanza (Secundaria) _2 _98320 |
|
| 700 | 1 |
_aSilva Tena, Teresa, _ecoaut. _930018 |
|
| 905 | _aLibro | ||
| 999 |
_c8082 _d8082 |
||